000 00385nam a2200145Ia 4500
005 20250729165747.0
008 250729s2014 xx 000 0 und d
041 _aeng
082 _a900.7 KARS
100 _aKarnataka Government
_9232345
245 _aSocial Science - 9th Std
260 _aBangalore
_bKarnataka Text Book Socity
_c2014
300 _a304p
650 _aHistory
_9232346
999 _c239736
_d239736